Vista normal
Vista MARC
Entrada Personal Name
Número de registros utilizados en: 1
001 - CONTROL NUMBER
- control field: 60024
003 - CONTROL NUMBER IDENTIFIER
- control field: OSt
005 - DATE AND TIME OF LATEST TRANSACTION
- control field: 20250605154815.0
008 - FIXED-LENGTH DATA ELEMENTS
- fixed length control field: 250605|| aca||aabn | a|a d
040 ## - CATALOGING SOURCE
- Original cataloging agency: OSt
- Transcribing agency: OSt
100 ## - HEADING--PERSONAL NAME
- Personal name: Alexandre Magno
- Dates associated with a name: 356-323 A.C
- Form subdivision: Biografías
- General subdivision: Vida social y costumbres
- General subdivision: Emperadores
670 ## - SOURCE DATA FOUND
- Source citation: Work cat.: (OSt)57234: Miranda, Pau 60023, Me llamo... Alejandro Magno